Biggest Chinese Cities Starting with S - Statistics

General Stats
  • This quiz has been taken 19 times
  • The average score is 8 of 20
Answer Stats
Population Province City % Correct
21,909,814 Shanghai Shanghai
100%
17,444,609 Guangdong Shenzhen
95%
7,026,358 Liaoning Shenyang
84%
3,838,900 Guangdong Shantou
68%
5,892,892 Jiangsu Suzhou
68%
920,722 Anhui Suzhou
68%
5,090,440 Hebei Shijiazhuang
63%
724,854 Hainan Sanya
32%
1,342,220 Jiangxi Shangrao
32%
2,333,080 Zhejiang Shaoxing
26%
703,612 Hunan Shaoyang
26%
954,914 Hubei Shiyan
26%
1,031,123 Henan Shangqiu
21%
803,375 Guangdong Shaoguan
21%
829,356 Sichuan Suining
21%
614,577 Jiangsu Suining
21%
1,081,559 Jiangsu Suqian
21%
760,107 Hebei Sanhe
16%
986,247 Jiangsu Shuyang
16%
728,588 Shandong Shouguang
11%
No matching quizzes found
Score Distribution
Percent of People with Each Score
Percentile by Number Answered
Your Score History
You have not taken this quiz